Missing Word: 1977 Rock Albums Quiz Stats

 Plays Quiz Updated Mar 9, 2018

Score 0/20 Timer 01:30
0 Plays Today
Hint Answer % Correct
Rumours (Fleetwood Mac)Your
96.1%
The Stranger (Billy Joel)Young
93.9%
Rumours (Fleetwood Mac)Hand
91.3%
The Stranger (Billy Joel)Just
89.2%
Never Mind the Bollocks, Here's the Sex Pistols (Sex Pistols)Queen
86%
The Stranger (Billy Joel)Woman
76%
Rumours (Fleetwood Mac)Loving
72.5%
My Aim Is True (Elvis Costello)World
69.4%
The Stranger (Billy Joel)Italian
67.8%
Never Mind the Bollocks, Here's the Sex Pistols (Sex Pistols)Anarchy
65.1%
Hint Answer % Correct
Rumours (Fleetwood Mac)Gold
63.5%
Rumours (Fleetwood Mac)Stop
61%
The Stranger (Billy Joel)Movin'
54.9%
My Aim Is True (Elvis Costello)Zero
47.2%
My Aim Is True (Elvis Costello)Detectives
33.2%
Never Mind the Bollocks, Here's the Sex Pistols (Sex Pistols)Sun
31.7%
Never Mind the Bollocks, Here's the Sex Pistols (Sex Pistols)Pretty
31.4%
My Aim Is True (Elvis Costello)Angels
20.2%
Never Mind the Bollocks, Here's the Sex Pistols (Sex Pistols)No
17.3%
My Aim Is True (Elvis Costello)Welcome
14.8%

Today's Daily Dose

Missing Word
Sherlocks

Word Ladder
King of the Hill

Quick Pick
Songs in Pink

Get the Picture
NBA Teammates

You're not logged in!

Compare scores with friends on all Sporcle quizzes.
OR
Log In

Sporcle TV

Today on Sporcle TV


Watch our educational content, quiz creation guides, and fun videos on Sporcle TV.

Show Comments

Extras

Top Quizzes Today


Score Distribution

Your Account Isn't Verified!

In order to create a playlist on Sporcle, you need to verify the email address you used during registration. Go to your Sporcle Settings to finish the process.

Report this User

Report this user for behavior that violates our Community Guidelines.

Details: